[Event "CRO-ch Youth U19 2020"]
[Site "Vinkovci"]
[Date "2020.07.30"]
[Round "4.13"]
[White "Purini, Bruno"]
[Black "Novosel, Marko"]
[Result "0-1"]
[WhiteElo "2017"]
[BlackElo "2147"]
[Annotator "RC"]
[PlyCount "104"]
[EventDate "2020.07.28"]
[EventType "swiss"]
[EventCountry "CRO"]
[SourceTitle "playchess.com"]
[Source "ChessBase"]
[SourceQuality "1"]
[TimeControl "5400+30"]

1. e4 {[%emt 0:00:30]} c6 {[%emt 0:00:30]} 2. c4 {[%emt 0:00:00]} d5 {[%emt 0:00:00]} 3. cxd5 {[%emt 0:00:00]} cxd5 {[%emt 0:00:00]} 4. exd5 {[%emt 0:00:30]} Nf6 {[%emt 0:00:30]} 5. Nc3 {[%emt 0:00:00]} Nxd5 {[%emt 0:00:00]} 6. Nf3 {[%emt 0:00:00]} Nxc3 {[%emt 0:00:00]} 7. bxc3 {[%emt 0:00:30]} e6 {[%emt 0:00:30]} 8. d4 {[%emt 0:00:30]} Be7 {[%emt 0:00:30]} 9. Bd3 {[%emt 0:00:30]} Nd7 {[%emt 0:00:30]} 10. O-O {[%emt 0:01:30]} O-O {[%emt 0:00:30]} 11. Qe2 {[%emt 0:03:30]} Qc7 {[%emt 0:07:30]} 12. Bd2 {[%emt 0:03:30]} Nf6 {[%emt 0:06:30]} 13. Ne5 {[%emt 0:02:30]} Bd6 {[%emt 0:20:30]} 14. f4 {[%emt 0:05:30]} b6 {[%emt 0:06:30]} 15. h3 {[%emt 0:09:30]} Bb7 {[%emt 0:01:30]} 16. Rac1 {[%emt 0:08:30]} Rac8 {[%emt 0:00:30]} 17. f5 {[%emt 0:11:30]} Rce8 {[%emt 0:26:30]} 18. Rce1 {[%emt 0:16:30]} exf5 {[%emt 0:15:13]} 19. Rxf5 {[%emt 0:04:30]} Nd7 {[%emt 0:03:47]} 20. Kh1 {[%emt 0:10:30]} Bxe5 {[%emt 0:03:24]} 21. dxe5 {[%emt 0:00:30]} g6 {[%emt 0:02:56]} 22. Rff1 {[%emt 0:08:12]} Rxe5 {[%emt 0:01:02]} 23. Qf2 {[%emt 0:00:51]} Rxe1 {[%emt 0:00:19]} 24. Rxe1 {[%emt 0:00:07]} Nc5 {[%emt 0:00:45]} 25. Bc2 {[%emt 0:00:45]} Qd7 {[%emt 0:00:34]} 26. Kg1 {[%emt 0:01:10]} Re8 {[%emt 0:01:17]} 27. Bh6 {[%emt 0:01:02]} Rxe1+ {[%emt 0:00:57]} 28. Qxe1 {[%emt 0:00:05]} Qc6 {[%emt 0:00:42]} 29. Qf2 {[%emt 0:00:33]} Ne4 {[%emt 0:00:32]} 30. Qd4 {[%emt 0:03:08]} Qc5 {[%emt 0:00:29]} 31. Qxc5 {[%emt 0:01:51]} Nxc5 {[%emt 0:00:05]} 32. Be3 {[%emt 0:00:20]} f5 {[%emt 0:00:12]} 33. Bd4 {[%emt 0:01:04]} Kf7 {[%emt 0:00:09]} 34. Kf2 {[%emt 0:00:15]} Ke6 {[%emt 0:00:17]} 35. g4 {[%emt 0:00:47]} fxg4 {[%emt 0:01:30]} 36. hxg4 {[%emt 0:00:01]} Bd5 {[%emt 0:00:38]} 37. a3 {[%emt 0:00:20]} Ne4+ {[%emt 0:00:38]} 38. Ke3 {[%emt 0:00:53]} Nd6 {[%emt 0:00:11]} 39. Kf4 {[%emt 0:01:04]} Nb5 {[%emt 0:00:26]} 40. Kg5 {[%emt 0:02:03]} Nxd4 {[%emt 0:00:35]} 41. cxd4 {[%emt 0:00:01]} Bf3 {[%emt 0:00:11]} 42. Bb3+ {[%emt 0:00:35]} Kd6 {[%emt 0:00:01]} 43. Kf4 {[%emt 0:02:35]} Bd5 {[%emt 0:01:06]} 44. Bc2 {[%emt 0:00:13]} b5 {[%emt 0:00:29]} 45. g5 {[%emt 0:00:27]} a5 {[%emt 0:00:29]} 46. Ke3 {[%emt 0:00:42]} Ke6 {[%emt 0:00:38]} 47. Kf4 {[%emt 0:00:42]} Ba2 {[%emt 0:00:26]} 48. Ke4 {[%emt 0:00:27]} b4 {[%emt 0:00:24]} 49. axb4 {[%emt 0:00:13]} axb4 {[%emt 0:00:05]} 50. Bd3 {[%emt 0:00:14]} Kd6 {[%emt 0:00:40]} 51. Ke3 {[%emt 0:01:40]} Be6 {[%emt 0:00:35]} 52. Bb1 {[%emt 0:02:08]} b3 {[%emt 0:00:24]} 0-1

[Event "CRO-ch Youth U19 2020"]
[Site "Vinkovci"]
[Date "2020.08.01"]
[Round "5.3"]
[White "Perusko, Niko"]
[Black "Jurakic, Lukas"]
[Result "0-1"]
[WhiteElo "1902"]
[BlackElo "2023"]
[Annotator "TA"]
[PlyCount "50"]
[EventDate "2020.07.28"]
[EventType "swiss"]
[EventCountry "CRO"]

{[%evp 17,50,0,8,1,6,8,18,10,14,10,10,0,14,-8,-4,-38,-6,0,0,-43,-5,-25,-10,-10,-44,-54,-48,-85,-67,-83,-73,-302,-297,-279,-276]} 1. b4 Nf6 2. Bb2 g6 3. Nf3 Bg7 4. e3 O-O 5. Be2 d6 6. O-O e5 7. d3 Nbd7 8. Nbd2 Re8 9. c4 c6 10. a4 {[#] A15: English Opening: 1...Nf6.} a5 $146 ({Predecessor:} 10... d5 11. Qc2 h6 12. Rfd1 Qc7 13. Rac1 dxc4 14. Nxc4 Nd5 15. Qd2 N7b6 16. a5 Nxc4 17. dxc4 Ne7 {½-½ (49) Gamback,B (2192)-Kamieniecki,T (2016) Warsaw 2010}) 11. b5 Nc5 12. Nb3 {The position is equal.} e4 13. dxe4 Nfxe4 14. Bxg7 Kxg7 15. Nxc5 dxc5 16. Qc2 Qf6 17. Bd3 Bf5 18. Ra3 Rad8 19. Ne1 cxb5 20. axb5 b6 21. f3 Nd6 $36 {[%mdl 2048] Black has some pressure.} 22. e4 Qd4+ 23. Rf2 Be6 {[%cal Rd6c4]} 24. Qc3 $2 {[#]} (24. Qc1 $17) 24... Nxc4 $19 25. Bxc4 Bxc4 {Accuracy: White = 60%, Black = 78%.} 0-1

[Event "CRO-ch Youth U19 2020"]
[Site "Vinkovci"]
[Date "2020.08.01"]
[Round "5.9"]
[White "Alfirevic, Duje"]
[Black "Cotic, Borna"]
[Result "1/2-1/2"]
[WhiteElo "2011"]
[BlackElo "2049"]
[Annotator "ChessBase"]
[PlyCount "110"]
[EventDate "2020.07.28"]
[EventType "swiss"]
[EventCountry "CRO"]
[TimeControl "5400+30"]

1. e4 {[%emt 0:00:30]} c5 {[%emt 0:04:30]} 2. Nf3 {[%emt 0:00:00]} e6 {[%emt 0:00:30]} 3. d4 {[%emt 0:00:00]} cxd4 {[%emt 0:00:00]} 4. Nxd4 {[%emt 0:00:30]} Nc6 {[%emt 0:00:00]} 5. Nc3 {[%emt 0:00:00]} Qc7 {[%emt 0:00:30]} 6. f4 {[%emt 0:00:00]} a6 {[%emt 0:01:30]} 7. a3 {[%emt 0:00:30]} Nxd4 {[%emt 0:07:30]} 8. Qxd4 {[%emt 0:00:30]} Ne7 {[%emt 0:00:30]} 9. Be3 {[%emt 0:03:30]} Nc6 {[%emt 0:00:00]} 10. Qd2 {[%emt 0:00:30]} d6 {[%emt 0:05:00]} 11. Be2 {[%emt 0:02:30]} Be7 {[%emt 0:00:30]} 12. O-O {[%emt 0:00:30]} O-O {[%emt 0:05:30]} 13. Rad1 {[%emt 0:01:30]} b5 {[%emt 0:07:30]} 14. Kh1 {[%emt 0:07:30]} Bb7 {[%emt 0:03:30]} 15. Qe1 {[%emt 0:02:30]} b4 {[%emt 0:16:30]} 16. Na4 {[%emt 0:13:30]} bxa3 {[%emt 0:02:30]} 17. Bb6 {[%emt 0:02:30]} Qc8 {[%emt 0:05:30]} 18. bxa3 {[%emt 0:02:30]} Nb8 {[%emt 0:01:30]} 19. Bd4 {[%emt 0:08:30]} Nd7 {[%emt 0:03:30]} 20. Qg3 {[%emt 0:01:30]} g6 {[%emt 0:04:30]} 21. Bd3 {[%emt 0:07:30]} Qc6 {[%emt 0:03:30]} 22. Nc3 {[%emt 0:00:30]} Bf6 {[%emt 0:02:30]} 23. e5 {[%emt 0:07:30]} Bg7 {[%emt 0:09:27]} 24. Ne4 {[%emt 0:01:30]} dxe5 {[%emt 0:04:54]} 25. fxe5 {[%emt 0:00:30]} Rad8 {[%emt 0:00:36]} 26. c3 {[%emt 0:15:30]} Ba8 {[%emt 0:03:11]} 27. Nf6+ {[%emt 0:06:41]} Nxf6 {[%emt 0:00:41]} 28. exf6 {[%emt 0:00:07]} Bh8 {[%emt 0:00:12]} 29. Rde1 {[%emt 0:03:30]} Rfe8 {[%emt 0:01:26]} 30. Re5 {[%emt 0:02:10]} Rd5 {[%emt 0:02:47]} 31. Be4 {[%emt 0:02:37]} Qc4 {[%emt 0:01:06]} 32. Bd3 {[%emt 0:00:18]} Qc8 {[%emt 0:00:16]} 33. h4 {[%emt 0:00:42]} Rxe5 {[%emt 0:02:21]} 34. Bxe5 {[%emt 0:00:48]} Qc6 {[%emt 0:01:37]} 35. Rf2 {[%emt 0:00:02]} Qa4 {[%emt 0:00:36]} 36. Kh2 {[%emt 0:02:49]} Qd1 {[%emt 0:00:44]} 37. Bxa6 {[%emt 0:01:55]} Be4 {[%emt 0:00:01]} 38. Bb5 {[%emt 0:02:31]} Rd8 {[%emt 0:00:02]} 39. Bd4 {[%emt 0:01:00]} Bf5 {[%emt 0:00:43]} 40. Qc7 {[%emt 0:01:02]} Rxd4 {[%emt 0:00:12]} 41. cxd4 {[%emt 0:00:12]} Bxf6 {[%emt 0:00:05]} 42. Qf4 {[%emt 0:00:41]} Bxd4 {[%emt 0:00:56]} 43. Rf1 {[%emt 0:00:51]} Qb3 {[%emt 0:01:24]} 44. Qxd4 {[%emt 0:01:07]} Qxb5 {[%emt 0:00:01]} 45. Rd1 {[%emt 0:00:44]} e5 {[%emt 0:01:23]} 46. a4 {[%emt 0:00:24]} Qb3 {[%emt 0:00:47]} 47. Qd2 {[%emt 0:00:43]} Qxa4 {[%emt 0:00:21]} 48. g3 {[%emt 0:00:03]} Qc2 {[%emt 0:00:26]} 49. Qxc2 {[%emt 0:00:53]} Bxc2 {[%emt 0:00:30]} 50. Re1 {[%emt 0:00:00]} e4 {[%emt 0:00:00]} 51. g4 {[%emt 0:00:17]} Kg7 {[%emt 0:00:06]} 52. Kg3 {[%emt 0:00:13]} h6 {[%emt 0:00:38]} 53. Kf4 {[%emt 0:00:34]} Kf6 {[%emt 0:00:23]} 54. g5+ {[%emt 0:00:24]} hxg5+ {[%emt 0:00:12]} 55. hxg5+ {[%emt 0:00:02]} Kg7 {[%emt 0:00:24]} 1/2-1/2

[Event "CRO-ch Youth U19 2020"]
[Site "Vinkovci"]
[Date "2020.08.01"]
[Round "5.10"]
[White "Jakrlin, Mihael"]
[Black "Baric, Marko"]
[Result "1-0"]
[WhiteElo "2183"]
[BlackElo "1831"]
[Annotator "ChessBase"]
[PlyCount "65"]
[EventDate "2020.07.28"]
[EventType "swiss"]
[EventCountry "CRO"]
[TimeControl "5400+30"]

1. Nf3 {[%emt 0:00:30]} Nf6 {[%emt 0:02:30]} 2. g3 {[%emt 0:00:30]} g6 {[%emt 0:00:30]} 3. b3 {[%emt 0:01:30]} Bg7 {[%emt 0:00:30]} 4. Bb2 {[%emt 0:00:00]} c5 {[%emt 0:00:00]} 5. Bg2 {[%emt 0:05:00]} d5 {[%emt 0:00:00]} 6. c4 {[%emt 0:02:30]} d4 {[%emt 0:00:30]} 7. b4 {[%emt 0:02:30]} O-O {[%emt 0:00:30]} 8. d3 {[%emt 0:09:30]} Re8 {[%emt 0:01:30]} 9. bxc5 {[%emt 0:15:30]} e5 {[%emt 0:00:30]} 10. O-O {[%emt 0:00:30]} Nfd7 {[%emt 0:02:30]} 11. Nfd2 {[%emt 0:05:30]} Nxc5 {[%emt 0:02:30]} 12. Nb3 {[%emt 0:00:30]} Nba6 {[%emt 0:08:30]} 13. Nxc5 {[%emt 0:07:30]} Nxc5 {[%emt 0:00:30]} 14. Nd2 {[%emt 0:00:30]} Qc7 {[%emt 0:10:30]} 15. Ba3 {[%emt 0:16:30]} Bf8 {[%emt 0:12:30]} 16. Bxc5 {[%emt 0:03:30]} Bxc5 {[%emt 0:01:30]} 17. Ne4 {[%emt 0:01:30]} Be7 {[%emt 0:04:30]} 18. Rb1 {[%emt 0:02:30]} Bd7 {[%emt 0:05:30]} 19. Rxb7 {[%emt 0:00:30]} Qxb7 {[%emt 0:01:30]} 20. Nf6+ {[%emt 0:00:00]} Bxf6 {[%emt 0:00:30]} 21. Bxb7 {[%emt 0:00:00]} Rab8 {[%emt 0:00:30]} 22. Bd5 {[%emt 0:01:30]} Rb2 {[%emt 0:03:30]} 23. Kg2 {[%emt 0:08:18]} Rxa2 {[%emt 0:02:30]} 24. Qb3 {[%emt 0:01:22]} Rxe2 {[%emt 0:04:30]} 25. Rd1 {[%emt 0:01:57]} Bg5 {[%emt 0:08:30]} 26. Bf3 {[%emt 0:01:10]} Rd2 {[%emt 0:00:30]} 27. Rxd2 {[%emt 0:01:08]} Bxd2 {[%emt 0:00:00]} 28. Qa2 {[%emt 0:00:30]} Bb4 {[%emt 0:07:07]} 29. Qxa7 {[%emt 0:00:07]} Re7 {[%emt 0:00:23]} 30. Qb8+ {[%emt 0:00:06]} Re8 {[%emt 0:01:08]} 31. Qxb4 {[%emt 0:00:06]} f5 {[%emt 0:00:13]} 32. Qd6 {[%emt 0:00:27]} Bc8 {[%emt 0:00:21]} 33. Bc6 {[%emt 0:00:20]} 1-0

[Event "CRO-ch Youth U19 2020"]
[Site "Vinkovci"]
[Date "2020.08.01"]
[Round "5.11"]
[White "Salamon, Viktor"]
[Black "Moric, Ivan"]
[Result "0-1"]
[WhiteElo "1805"]
[BlackElo "1726"]
[Annotator "NA"]
[PlyCount "64"]
[EventDate "2020.07.28"]
[EventType "swiss"]
[EventCountry "CRO"]
[TimeControl "5400+30"]

1. d4 {[%emt 0:00:30]} Nf6 {[%emt 0:00:30]} 2. c4 {[%emt 0:00:00]} g6 {[%emt 0:00:00]} 3. Nc3 {[%emt 0:00:00]} Bg7 {[%emt 0:00:00]} 4. e4 {[%emt 0:00:30]} d6 {[%emt 0:00:30]} 5. Be2 {[%emt 0:00:30]} O-O {[%emt 0:00:30]} 6. Nf3 {[%emt 0:00:30]} e5 {[%emt 0:00:30]} 7. Be3 {[%emt 0:00:30]} Nc6 {[%emt 0:01:30]} 8. d5 {[%emt 0:00:30]} Ne7 {[%emt 0:00:30]} 9. Nd2 {[%emt 0:00:30]} Nd7 {[%emt 0:00:30]} 10. O-O {[%emt 0:03:30]} f5 {[%emt 0:01:30]} 11. f3 {[%emt 0:01:30]} f4 {[%emt 0:00:30]} 12. Bf2 {[%emt 0:00:30]} g5 {[%emt 0:03:30]} 13. b4 {[%emt 0:01:30]} Nf6 {[%emt 0:03:30]} 14. c5 {[%emt 0:02:30]} Ng6 {[%emt 0:03:30]} 15. Nc4 {[%emt 0:01:30]} Rf7 {[%emt 0:02:30]} 16. cxd6 {[%emt 0:01:30]} cxd6 {[%emt 0:00:30]} 17. Nb5 {[%emt 0:01:30]} Bf8 {[%emt 0:01:30]} 18. Nxa7 {[%emt 0:02:30]} g4 {[%emt 0:20:30]} 19. Nxc8 {[%emt 0:09:30]} Rxc8 {[%emt 0:00:30]} 20. Qb3 {[%emt 0:05:30]} g3 {[%emt 0:09:30]} 21. hxg3 {[%emt 0:07:30]} Nh5 {[%emt 0:00:30]} 22. Rfc1 {[%emt 0:13:30]} fxg3 {[%emt 0:08:30]} 23. Be3 {[%emt 0:01:30]} Qh4 {[%emt 0:01:30]} 24. Kf1 {[%emt 0:01:30]} Qh1+ {[%emt 0:01:30]} 25. Bg1 {[%emt 0:00:30]} Nh4 {[%emt 0:11:30]} 26. Ne3 {[%emt 0:04:30]} Rxc1+ {[%emt 0:00:30]} 27. Rxc1 {[%emt 0:00:30]} Bh6 {[%emt 0:05:30]} 28. Rc8+ {[%emt 0:00:30]} Kg7 {[%emt 0:00:00]} 29. Nf5+ {[%emt 0:03:30]} Rxf5 {[%emt 0:03:00]} 30. exf5 {[%emt 0:00:30]} Qxg2+ {[%emt 0:00:30]} 31. Ke1 {[%emt 0:00:30]} Qxg1+ {[%emt 0:00:30]} 32. Bf1 {[%emt 0:00:00]} Qf2+ {[%emt 0:00:00]} 0-1

[Event "CRO-ch Youth U19 2020"]
[Site "Vinkovci"]
[Date "2020.08.01"]
[Round "5.12"]
[White "Birkic, Josip"]
[Black "Novosel, Marko"]
[Result "1-0"]
[WhiteElo "1984"]
[BlackElo "2147"]
[Annotator "ChessBase"]
[PlyCount "41"]
[EventDate "2020.07.28"]
[EventType "swiss"]
[EventCountry "CRO"]
[TimeControl "5400+30"]

1. d4 {[%emt 0:16:30]} Nf6 {[%emt 0:00:30]} 2. Bf4 {[%emt 0:00:00]} d5 {[%emt 0:00:00]} 3. e3 {[%emt 0:00:00]} Bf5 {[%emt 0:01:00]} 4. Nf3 {[%emt 0:00:30]} e6 {[%emt 0:00:30]} 5. Ne5 {[%emt 0:00:30]} Nbd7 {[%emt 0:02:30]} 6. g4 {[%emt 0:01:30]} Bg6 {[%emt 0:03:30]} 7. h4 {[%emt 0:00:00]} h6 {[%emt 0:03:30]} 8. Nxg6 {[%emt 0:00:00]} fxg6 {[%emt 0:00:00]} 9. Bd3 {[%emt 0:02:30]} Kf7 {[%emt 0:01:00]} 10. Qf3 {[%emt 0:00:30]} Be7 {[%emt 0:02:30]} 11. Rg1 {[%emt 0:02:30]} g5 {[%emt 0:00:30]} 12. hxg5 {[%emt 0:01:30]} hxg5 {[%emt 0:00:30]} 13. Bxg5 {[%emt 0:04:30]} c5 {[%emt 0:03:30]} 14. Nc3 {[%emt 0:11:30]} Rc8 {[%emt 0:01:30]} 15. Bf4 {[%emt 0:01:30]} g5 {[%emt 0:09:30]} 16. Bxg5 {[%emt 0:01:30]} Kg7 {[%emt 0:00:30]} 17. O-O-O {[%emt 0:03:30]} Qa5 {[%emt 0:01:30]} 18. Bh6+ {[%emt 0:12:30]} Kg8 {[%emt 0:00:30]} 19. g5 {[%emt 0:00:30]} Ne8 {[%emt 0:02:30]} 20. Nxd5 {[%emt 0:00:30]} Bd8 {[%emt 0:00:30]} 21. Nf6+ {[%emt 0:01:30]} 1-0

[Event "CRO-ch Youth U19 2020"]
[Site "Vinkovci"]
[Date "2020.08.01"]
[Round "5.13"]
[White "Ghersinich, Enrico"]
[Black "Purini, Bruno"]
[Result "1-0"]
[WhiteElo "2299"]
[BlackElo "2017"]
[Annotator "ChessBase"]
[PlyCount "43"]
[EventDate "2020.07.28"]
[EventType "swiss"]
[EventCountry "CRO"]
[TimeControl "5400+30"]

1. c4 {[%emt 0:00:30]} e6 {[%emt 0:00:30]} 2. Nf3 {[%emt 0:00:30]} Nf6 {[%emt 0:00:30]} 3. g3 {[%emt 0:00:00]} d5 {[%emt 0:03:30]} 4. Bg2 {[%emt 0:00:00]} c5 {[%emt 0:01:30]} 5. cxd5 {[%emt 0:01:30]} exd5 {[%emt 0:00:30]} 6. d4 {[%emt 0:00:00]} Nc6 {[%emt 0:04:30]} 7. O-O {[%emt 0:00:00]} cxd4 {[%emt 0:06:30]} 8. Nxd4 {[%emt 0:00:30]} Be7 {[%emt 0:06:30]} 9. Nc3 {[%emt 0:00:30]} O-O {[%emt 0:01:30]} 10. Bg5 {[%emt 0:00:30]} h6 {[%emt 0:01:30]} 11. Bf4 {[%emt 0:00:30]} Be6 {[%emt 0:06:30]} 12. Nxe6 {[%emt 0:02:30]} fxe6 {[%emt 0:00:30]} 13. Qb3 {[%emt 0:04:30]} Qb6 {[%emt 0:05:30]} 14. Nb5 {[%emt 0:08:30]} Rac8 {[%emt 0:00:30]} 15. Bh3 {[%emt 0:02:30]} Na5 {[%emt 0:08:30]} 16. Qd3 {[%emt 0:03:30]} Ne4 {[%emt 0:02:30]} 17. Nd4 {[%emt 0:05:30]} Nc5 {[%emt 0:05:30]} 18. Qb5 {[%emt 0:01:30]} Rc6 {[%emt 0:08:30]} 19. b4 {[%emt 0:01:30]} Qxb5 {[%emt 0:01:30]} 20. Nxb5 {[%emt 0:00:00]} Rb6 {[%emt 0:00:30]} 21. a4 {[%emt 0:00:00]} Nab3 {[%emt 0:03:30]} 22. bxc5 {[%emt 0:00:30]} 1-0

[Event "CRO-ch Youth U19 2020"]
[Site "Vinkovci"]
[Date "2020.08.01"]
[Round "6.9"]
[White "Jakrlin, Mihael"]
[Black "Alfirevic, Duje"]
[Result "1/2-1/2"]
[WhiteElo "2183"]
[BlackElo "2011"]
[Annotator "ChessBase"]
[PlyCount "65"]
[EventDate "2020.07.28"]
[EventType "swiss"]
[EventCountry "CRO"]
[TimeControl "5400+30"]

1. Nf3 {[%emt 0:00:30]} d5 {[%emt 0:00:30]} 2. g3 {[%emt 0:00:00]} Bg4 {[%emt 0:00:00]} 3. Bg2 {[%emt 0:00:00]} Nf6 {[%emt 0:00:00]} 4. c4 {[%emt 0:01:30]} c6 {[%emt 0:00:30]} 5. O-O {[%emt 0:01:30]} e6 {[%emt 0:00:30]} 6. b3 {[%emt 0:00:30]} Bd6 {[%emt 0:01:30]} 7. Bb2 {[%emt 0:00:00]} O-O {[%emt 0:00:30]} 8. d3 {[%emt 0:00:00]} Nbd7 {[%emt 0:03:30]} 9. h3 {[%emt 0:01:30]} Bxf3 {[%emt 0:02:30]} 10. Bxf3 {[%emt 0:00:30]} a5 {[%emt 0:04:30]} 11. a3 {[%emt 0:07:30]} dxc4 {[%emt 0:08:30]} 12. dxc4 {[%emt 0:08:30]} Be5 {[%emt 0:01:30]} 13. Nc3 {[%emt 0:02:30]} Qb6 {[%emt 0:16:30]} 14. Kh1 {[%emt 0:06:30]} Rad8 {[%emt 0:07:30]} 15. Qc2 {[%emt 0:00:30]} Bb8 {[%emt 0:00:30]} 16. Rab1 {[%emt 0:10:30]} Qc7 {[%emt 0:02:30]} 17. Ne4 {[%emt 0:09:30]} Nxe4 {[%emt 0:02:30]} 18. Bxe4 {[%emt 0:01:30]} f5 {[%emt 0:00:30]} 19. Qc3 {[%emt 0:04:30]} Nf6 {[%emt 0:03:30]} 20. Bf3 {[%emt 0:05:30]} e5 {[%emt 0:03:30]} 21. e3 {[%emt 0:02:30]} h5 {[%emt 0:02:30]} 22. Rg1 {[%emt 0:02:30]} Rd7 {[%emt 0:03:30]} 23. Qc2 {[%emt 0:01:30]} e4 {[%emt 0:03:30]} 24. Be2 {[%emt 0:00:00]} h4 {[%emt 0:00:30]} 25. Rbd1 {[%emt 0:01:00]} Rxd1 {[%emt 0:01:30]} 26. Bxd1 {[%emt 0:00:30]} hxg3 {[%emt 0:04:30]} 27. fxg3 {[%emt 0:00:30]} Kf7 {[%emt 0:02:30]} 28. Qf2 {[%emt 0:00:00]} Qd7 {[%emt 0:02:30]} 29. Kg2 {[%emt 0:01:00]} Rh8 {[%emt 0:01:30]} 30. Rh1 {[%emt 0:01:30]} Nh5 {[%emt 0:06:26]} 31. g4 {[%emt 0:04:30]} Ng3 {[%emt 0:01:32]} 32. Rg1 {[%emt 0:01:30]} Qd8 {[%emt 0:02:49]} 33. Rh1 {[%emt 0:02:30]} 1/2-1/2

[Event "CRO-ch Youth U19 2020"]
[Site "Vinkovci"]
[Date "2020.08.01"]
[Round "6.10"]
[White "Cotic, Borna"]
[Black "Ghersinich, Enrico"]
[Result "0-1"]
[WhiteElo "2049"]
[BlackElo "2299"]
[Annotator "TA"]
[PlyCount "64"]
[EventDate "2020.07.28"]
[EventType "swiss"]
[EventCountry "CRO"]

{[%evp 9,64,25,29,23,27,15,21,15,25,20,54,-14,-11,-7,-18,-16,-25,-17,-18,-32,-29,-70,-16,-46,0,-26,-42,-33,-37,-55,-66,-60,-60,-67,-67,-70,-57,-343,-343,-342,-333,-341,-340,-340,-314,-295,-288,-264,-258,-245,-214,-214,-175,-214,-214,-379,-376]} 1. e4 c5 2. Nf3 d6 3. Bb5+ Nd7 4. O-O a6 5. Bd3 Ngf6 6. c3 {B51: Sicilian: Moscow Variation (3 Bb5+) without 3...Bd7.} b5 7. Bc2 Bb7 8. Qe2 {The position is equal.} c4 9. b4 {[#]} e6 $146 ({Predecessor:} 9... g6 10. a4 Bg7 11. Na3 d5 12. e5 Ne4 13. Bb2 O-O 14. axb5 axb5 15. Nxb5 Nxe5 16. Nxe5 {½-½ (16) Kovalev,A (2517)-Ward,C (2441) Gent 2017}) 10. d3 (10. a4 $14) 10... cxd3 $11 11. Bxd3 Be7 12. a4 bxa4 13. Rxa4 a5 14. Re1 O-O 15. Bd2 Bc6 (15... axb4 $15 16. Rxa8 Qxa8 17. cxb4 Rd8) 16. Ra1 Qb6 17. Na3 {aiming for Nc4.} axb4 18. cxb4 d5 $36 {[%mdl 2048] Black is pushing.} 19. e5 {Threatens to win with Be3.} Ne4 $1 {[%cal Re4d2]} 20. Nc4 {[#]} Qxf2+ $1 {[%mdl 512]} 21. Qxf2 Nxf2 22. Kxf2 {Strongly threatening Na5.} dxc4 23. Bxc4 $2 {[%mdl 8192]} (23. Rxa8 $15 Rxa8 24. Bxc4) 23... Bxf3 $1 $19 24. gxf3 Bh4+ {[%mdl 64] [#] Skewer} 25. Kf1 Bxe1 26. Rxe1 Nb6 27. Bb3 Ra3 28. Rb1 Rd8 29. Ke2 Nd5 30. b5 h6 31. Rb2 g5 32. Bc4 $2 (32. Bxd5 Rxd5 33. b6 Rxe5+ 34. Kf2) 32... Nc3+ {White did not feel at home in the position after the opening. Accuracy: White = 49%, Black = 85%.} 0-1

[Event "CRO-ch Youth U19 2020"]
[Site "Vinkovci"]
[Date "2020.07.31"]
[Round "6.11"]
[White "Moric, Ivan"]
[Black "Birkic, Josip"]
[Result "1/2-1/2"]
[WhiteElo "1726"]
[BlackElo "1984"]
[Annotator "RC"]
[PlyCount "75"]
[EventDate "2020.07.28"]
[EventType "swiss"]
[EventCountry "CRO"]
[SourceTitle "playchess.com"]
[Source "ChessBase"]
[SourceQuality "1"]
[TimeControl "5400+30"]

1. e4 {[%emt 0:00:30]} c6 {[%emt 0:00:30]} 2. d4 {[%emt 0:00:00]} d5 {[%emt 0:00:00]} 3. Nc3 {[%emt 0:00:00]} dxe4 {[%emt 0:00:00]} 4. Nxe4 {[%emt 0:00:30]} Nf6 {[%emt 0:00:00]} 5. Ng3 {[%emt 0:01:30]} Bg4 {[%emt 0:01:00]} 6. Be2 {[%emt 0:09:30]} Bxe2 {[%emt 0:00:00]} 7. N3xe2 {[%emt 0:01:30]} e6 {[%emt 0:02:00]} 8. Nf3 {[%emt 0:01:30]} Bd6 {[%emt 0:00:30]} 9. Bf4 {[%emt 0:02:30]} O-O {[%emt 0:01:30]} 10. O-O {[%emt 0:00:30]} Qc7 {[%emt 0:01:30]} 11. Qd2 {[%emt 0:05:30]} Nbd7 {[%emt 0:06:30]} 12. c4 {[%emt 0:04:30]} Rfd8 {[%emt 0:15:30]} 13. Rad1 {[%emt 0:05:30]} Nf8 {[%emt 0:04:30]} 14. Bxd6 {[%emt 0:02:30]} Rxd6 {[%emt 0:03:30]} 15. Qe3 {[%emt 0:03:30]} Ng6 {[%emt 0:04:30]} 16. Rd3 {[%emt 0:02:30]} Ne7 {[%emt 0:03:30]} 17. Nc3 {[%emt 0:03:30]} Rad8 {[%emt 0:03:30]} 18. Rfd1 {[%emt 0:12:30]} Nf5 {[%emt 0:05:30]} 19. Qf4 {[%emt 0:02:30]} Qc8 {[%emt 0:13:30]} 20. g4 {[%emt 0:01:30]} Ne7 {[%emt 0:01:30]} 21. Ne5 {[%emt 0:02:30]} Ng6 {[%emt 0:02:30]} 22. Nxg6 {[%emt 0:00:30]} hxg6 {[%emt 0:00:00]} 23. g5 {[%emt 0:01:30]} Nh5 {[%emt 0:02:00]} 24. Qg4 {[%emt 0:02:30]} b6 {[%emt 0:03:30]} 25. b4 {[%emt 0:07:30]} c5 {[%emt 0:02:30]} 26. bxc5 {[%emt 0:00:30]} bxc5 {[%emt 0:00:30]} 27. d5 {[%emt 0:01:30]} f5 {[%emt 0:11:00]} 28. gxf6 {[%emt 0:00:30]} Nxf6 {[%emt 0:00:19]} 29. Qxg6 {[%emt 0:01:30]} exd5 {[%emt 0:00:39]} 30. Nb5 {[%emt 0:06:00]} Ra6 {[%emt 0:04:03]} 31. cxd5 {[%emt 0:02:17]} Rxd5 {[%emt 0:02:34]} 32. Rxd5 {[%emt 0:01:23]} Nxd5 {[%emt 0:00:05]} 33. Qe4 {[%emt 0:06:19]} Nf6 {[%emt 0:01:33]} 34. Qc4+ {[%emt 0:00:48]} Kh7 {[%emt 0:02:46]} 35. Qh4+ {[%emt 0:02:59]} Kg8 {[%emt 0:00:08]} 36. Qc4+ {[%emt 0:00:34]} Kh8 {[%emt 0:00:06]} 37. Qh4+ {[%emt 0:00:35]} Kg8 {[%emt 0:00:19]} 38. Qc4+ {[%emt 0:00:14]} 1/2-1/2